000 00336nam a2200121Ia 4500
008 220204s9999 xx 000 0 und d
082 _a512.534.7
_bCAM
100 _aCampbell, Huhg G
245 0 _aLinear algebra with applications including linear programming
260 _aNew York
_bACC
_c1971
650 _aLinear Algebra
942 _cBK
999 _c23892
_d23892